LDR 00688naa#a2200193#i#450# 001 EN\INFRA-M\bibl\123083 005 20260701123318.3 011 ## _a2500-0497 100 ## _a20260618b2026####ek#y0engy0150####ca 102 ## _aRU 200 1# _aOmsk in the formation of civil aviation in Western Siberia: air station, air route and regional functions in the 1920s-1960s _eJournal article 210 1# _aMoscow _cINFRA-M Academic Publishing LLC. _d2026 215 ## _a8 с. 608 ## _aJournal article _2local 675 ## _aВсеобщая история. 94 _z 700 #1 _aLavskaya _gKristina Konstantinovna 700 #1 _aRovein _gRikhard Iosiphovich 700 #1 _aGaneev _gVladimir Anatolievich 856 4# _azh-szf.ru _u